Регионална библиотека "Любен Каравелов" - Русе

Коледните чудеса (Запис номер 88244)

MARC детайли
000 -Лидер
Контролно поле с фиксирана дължина 01257nam a2200361 c 4500
003 - Код на организацията, давaща контролен номер
Контролно поле BLK
005 - Дата и час на последна редакция
Контролно поле 20250710104542.0
008 - Елементи от данни с фиксирана дължина
fixed length control field 180408b bul|||||r ||||||| ||bul||
010 ## - Наследен системен номер
LC control number KNG00092904000
020 ## - Международен стандартен номер на книга ISBN
Международен стандартен номер на книга ISBN 978-954-491-499-8
040 ## - Източник на каталожния запис
Идентификатор на билиотеката - собственик на записа BLK
041 ## - Код за език
Код за езика на текст/звукозапис или на отделно заглавие Български
Код за езика КДБФ Български
080 ## - УДК
Текстов определител УДК Българска литература
УДК код - определител по УДК 821.163.2
УДК определител -93-1
УДК - код + определител 821.163.2-93-1
100 1# - Редна дума - Автор
Автор Дългъчева, Мая Георгиева
R(LIN) 289222
139 ## - Редно поле
Редна дума Дългъчева, Мая Георгиева
Авторски знак Дъ - Д 95
245 10 - Сведения за заглавието
Заглавие Коледните чудеса
Подзаглавни данни Римувани приказки
Редно поле (дума) Мая Георгиева Дългъчева; ил. Капка Кънева.
257 ## - Страна на издаване
Страна на създаване/издаване България
260 ## - Област на издателските данни
Име на издателя, разпространителя и проч. Жанет 45
Година на издаване 2008
300 ## - Физическа характеристика
Страници 32 с.
Илюстрации и др. с цв. ил.
Размери/Мащаб 28 см
380 ## - Жанр
Жанр Детска худож. лит.
653 ## - Ключова дума – ненормативна
Ключова дума Коледа
653 ## - Ключова дума – ненормативна
Ключова дума приказки
653 ## - Ключова дума – ненормативна
Ключова дума литература за деца
653 ## - Ключова дума – ненормативна
Ключова дума детска литература
700 1# - Други автори (авторска отговорност)
Лично име Кънева, Капка
Автороска отговорност (Описва отношението между автора и произведението) ил.
9 (RLIN) 372738
852 ## - Местоположение
Форматна сигнатура Цб ІІ 15905
856 4# - Електронен адрес и достъп
Електронен формат pdf - файл
856 4# - Електронен адрес и достъп
Електронен формат pdf - файл
999 ## - СИСТЕМНИ КОНТРОЛНИ НОМЕРА
Koha biblionumber 88244
Koha biblioitemnumber 88244
942 ## - АРТИКУЛИ
Вид на библиотечния материал Книги
Скрит в OPAC Не
Периодичен библиозапис Да
Koha issues (borrowed), all copies 15
944 ## - СЪЗДАВАНЕ И РЕДАКЦИЯ на ЗАПИСА
Създаване/Редакция Създаване
Дата на регистрацията/редакция 03.12.2009
Статус, дата на статуса Бояна Костадинова
Служител, извършил регистрацията/редакцията 30551
944 ## - СЪЗДАВАНЕ И РЕДАКЦИЯ на ЗАПИСА
Създаване/Редакция Редакция
Дата на регистрацията/редакция 05.01.2018
Статус, дата на статуса ф /
Служител, извършил регистрацията/редакцията Людмила_Стоянова
999 ## - СИСТЕМНИ КОНТРОЛНИ НОМЕРА
Koha biblioitemnumber 88244
Наличности
Код за отписване Код за изгубен артикул Код за повреда Коз за рестрикции Код за отдаване Артикулен № Име на библиотеката - собственик Име на библиотеката, в която се намира в момента Статус (Текущо местоположение) Дата на вписване в системата Местоположение - отдел Цена в лева Инвентарен номер Систематично азбучна сигнатура Баркод Номер на екземпляра Цена в евро Служебна бележка Служебен тип на артикула
  Не е изгубен Не е повреден без рестрикции ползва се в читалня 142937 Регионална библиотека "Любен Каравелов" Русе Регионална библиотека "Любен Каравелов" Русе Хранилище 2009-12-02 Хранилище 6.50 120000740157 Цб ІІ 15905 120000740157 1 3.32 Дост: Dp Вид: Д N: 22 Дата: 20.05.2009 Книги
  Не е изгубен Не е повреден без рестрикции заемане за дома 142938 Регионална библиотека "Любен Каравелов" Русе Регионална библиотека "Любен Каравелов" Русе Детски отдел 2017-12-15 Детски отдел 6.50 120000818422 ДХ 886.7/Д 95 120000818422 2 3.32 Дост: Pk Вид: Ф N: 498 Дата: 15.12.2017 Книги
  Не е изгубен Не е повреден без рестрикции заемане за дома 142939 Регионална библиотека "Любен Каравелов" Русе Регионална библиотека "Любен Каравелов" Русе Детски отдел 2017-12-15 Детски отдел 6.50 120000818423 ДХ 886.7/Д 95 120000818423 3 3.32 Дост: Pk Вид: Ф N: 498 Дата: 15.12.2017 Книги
Vip Innovations Ltd, Rousse, Bulgaria 2025